00438nam a2200157Ia 4500003000400000008004100004040001600045082001600061100001700077245007800094700002200172260004200194300000800236650002000244650001600264GCL140319s9999 xx 000 0 eng d aGCL / cGCL04a746.39bA A1 aADLER, PETER10aAFRICAN MAJESITY: THE TEXTILE ART OF THE ASHANTI AND EWE / cADLER, PETER1 aBARNARD, NICHOLAS a[S.N] : bTHAMES AND HUDSON ، c1992 a19204aAFRICAN TEXTILE04aTEXTILE ART